Score 0/23 Timer 02:00
0 Plays Today
Clue 4-Letter Word % Correct
An apartment, in the UKFLAT
94.7%
What people usually do with booksREAD
94%
Not to succeedFAIL
93.8%
What a bird does with its wingsFLAP
93.7%
Without them you wouldn't need shoesFEET
93.2%
AccomplishmentFEAT
90.7%
It produces sound by vibrating, e.g. in woodwindsREED
86.7%
• It can be long and winding •
• [Rung 1] [Rung 13]: Company that operates trains •
• [Rung 13] [Rung 23]: Journey made by car or bus •
•ROAD•
86.5%
Turn a switch on or offFLIP
85.9%
Broadcast distributed by satellite or networkFEED
83.7%
Your hair might turn this color as you get olderGRAY
77.4%
• A structural member or support •
• [Rung 1] [Rung 13]: Company that operates trains •
•RAIL•
76.1%
Clue 4-Letter Word % Correct
Unit for measuring weightGRAM
72.8%
Provoke someone into doing somethingGOAD
72.5%
It's practical for carrying food or drinkTRAY
70.4%
A cable carTRAM
66.1%
BleakGRIM
65.6%
• Stumble •
• [Rung 13] [Rung 23]: Journey made by car or bus •
•TRIP•
65.5%
Just, appropriateFAIR
64.1%
A pattern of regularly spaced horizontal and vertical linesGRID
63.9%
ShortenTRIM
61.1%
One hundredth of a right angleGRAD
56.6%
A type of thermographic cameraFLIR
54.7%

Today's Daily Dose

Remove Ads.
Support Sporcle.
Get the best of Sporcle when you Go Orange. This ad-free experience offers more features, more stats, and more fun while also helping to support Sporcle. Thank you for becoming a member.

You're not logged in!

Compare scores with friends on all Sporcle quizzes.
OR
Log In

Show Comments

Extras

Top Quizzes Today


Score Distribution

Your Account Isn't Verified!

In order to create a playlist on Sporcle, you need to verify the email address you used during registration. Go to your Sporcle Settings to finish the process.

Report this User

Report this user for behavior that violates our Community Guidelines.

Details: